00783nam a22002177a 4500999001900000005001700019010001500036020002600051035001400077037000900091082000800100100002800108245007600136260005500212270008700267300002700354700001700381700002100398942002600419952012000445 c186230d18623020220217161158.0 aENG-131661 a9788195267859c999.00 aEN-115193 bDBAD a530 aPatra, P. Santosh Kumar aNetwork Analysis and Transmission Lines/cP. Santosh Kumar Patra et.al. aHyderabadbSunRaise International Publishersc2021 a# 326/C, Level-2, Surneni Nilayam Near B K Guda Park, S R NagarbHyderabade500038 aviii, 462p.c24cm(pbk) aPriyanka, P. aManoj, N. Daniel 2ddccENh621.319mPAT 001040708NFICaLbLd2022-02-17eDBAD/PUBg999.00l0o621.319 PATpEN-115193r2022-02-17 00:00:00t1v999.00yEN